|
|
|
|
| LEADER |
00000nam a2200000Ia 4500 |
| 008 |
180226b1998 cl ||||| |||| 00| | spa d |
| 999 |
|
|
|c 1555
|d 1555
|
| 090 |
|
|
|a 06.02.01
|b 448
|
| 100 |
1 |
|
|a West, Edwin G.
|9 3404
|
| 245 |
1 |
3 |
|a Un estudio sobre principios y prácticas de los vouchers educacionales
|
| 260 |
|
|
|a Santiago de Chile :
|b PREAL,
|c 1998
|
| 300 |
|
|
|a 22 páginas
|
| 500 |
|
|
|a Publicado originalmente en Research Observer 12:1 (2/1997) Traducido al español por Maritza Blajtrach Roldán
|
| 650 |
1 |
4 |
|a EDUCACIÓN
|9 1
|
| 650 |
1 |
4 |
|a DERECHO A LA EDUCACIÓN
|9 599
|
| 650 |
1 |
4 |
|a PROGRAMAS DE ENSEÑANZA
|9 818
|
| 710 |
2 |
|
|a Programas de Promoción de la Reforma Educativa en America Latina (PREAL)
|9 3465
|
| 942 |
|
|
|i 00808,001248
|h 06.02.01 448
|2 z
|c 01
|